[Event "Paracin Open 2020"]
[Site "Paracin"]
[Date "2020.07.06"]
[Round "4.16"]
[White "Stanojevic, Ilija"]
[Black "Colic, Nikola"]
[Result "1-0"]
[WhiteElo "2220"]
[BlackElo "1992"]
[Annotator "ChessBase"]
[PlyCount "111"]
[EventDate "2020.07.03"]
[EventType "swiss"]
[EventCountry "SRB"]
[SourceTitle "playchess.com"]
[Source "ChessBase"]
[SourceQuality "1"]
[TimeControl "5400+30"]

1. d4 {[%emt 0:00:00]} d6 {[%emt 0:00:00]} 2. e4 {[%emt 0:00:44]} Nf6 {[%emt 0:00:00]} 3. Nc3 {[%emt 0:00:05]} g6 {[%emt 0:00:00]} 4. h4 {[%emt 0:01:35]} h5 {[%emt 0:00:29]} 5. Nh3 {[%emt 0:01:40]} Bg7 {[%emt 0:00:27]} 6. Ng5 {[%emt 0:00:12]} O-O {[%emt 0:00:34]} 7. f3 {[%emt 0:00:15]} c6 {[%emt 0:00:38]} 8. Be3 {[%emt 0:01:59]} b5 {[%emt 0:01:09]} 9. Qd2 {[%emt 0:03:26]} b4 {[%emt 0:00:34]} 10. Ne2 {[%emt 0:00:02]} Na6 {[%emt 0:02:16]} 11. O-O-O {[%emt 0:00:56]} Qa5 {[%emt 0:04:09]} 12. Kb1 {[%emt 0:00:03]} Rb8 {[%emt 0:01:44]} 13. Nc1 {[%emt 0:00:08]} Nc7 {[%emt 0:03:03]} 14. Nb3 {[%emt 0:02:15]} Qb6 {[%emt 0:05:50]} 15. Bd3 {[%emt 0:09:27]} a5 {[%emt 0:00:43]} 16. g4 {[%emt 0:08:17]} a4 {[%emt 0:00:36]} 17. Nc1 {[%emt 0:00:20]} Nb5 {[%emt 0:01:55]} 18. Qxb4 {[%emt 0:04:54]} a3 {[%emt 0:10:20]} 19. b3 {[%emt 0:00:27]} Qa7 {[%emt 0:02:14]} 20. Be2 {[%emt 0:06:24]} c5 {[%emt 0:01:29]} 21. Qd2 {[%emt 0:03:59]} cxd4 {[%emt 0:02:06]} 22. Bxd4 {[%emt 0:00:10]} Nxd4 {[%emt 0:00:15]} 23. Qxd4 {[%emt 0:00:06]} Qxd4 {[%emt 0:00:41]} 24. Rxd4 {[%emt 0:00:01]} Bd7 {[%emt 0:04:28]} 25. Rdd1 {[%emt 0:03:54]} hxg4 {[%emt 0:01:01]} 26. fxg4 {[%emt 0:01:27]} Nxg4 {[%emt 0:01:04]} 27. Rdg1 {[%emt 0:02:30]} Ne5 {[%emt 0:01:56]} 28. Nd3 {[%emt 0:01:20]} Nc4 {[%emt 0:02:20]} 29. Nf4 {[%emt 0:03:58]} Rfc8 {[%emt 0:00:49]} 30. Nd5 {[%emt 0:02:14]} Rxb3+ {[%emt 0:08:24]} 31. Kc1 {[%emt 0:01:12]} Bb2+ {[%emt 0:01:56]} 32. Kd1 {[%emt 0:00:27]} Ne3+ {[%emt 0:00:43]} 33. Ke1 {[%emt 0:05:14]} Nxd5 {[%emt 0:00:43]} 34. cxb3 {[%emt 0:00:37]} Ne3 {[%emt 0:02:22]} 35. Kd2 {[%emt 0:00:56]} Nc2 {[%emt 0:06:13]} 36. Bc4 {[%emt 0:00:27]} Nd4 {[%emt 0:02:41]} 37. Bxf7+ {[%emt 0:01:43]} Kg7 {[%emt 0:00:30]} 38. Bc4 {[%emt 0:00:12]} Bb5 {[%emt 0:04:09]} 39. Bxb5 {[%emt 0:03:27]} Nxb5 {[%emt 0:00:31]} 40. Ne6+ {[%emt 0:00:27]} Kf7 {[%emt 0:01:14]} 41. Nf4 {[%emt 0:00:47]} Nd4 {[%emt 0:03:12]} 42. Rf1 {[%emt 0:04:18]} Ke8 {[%emt 0:07:27]} 43. e5 {[%emt 0:03:32]} dxe5 {[%emt 0:00:51]} 44. Nxg6 {[%emt 0:00:07]} Rc2+ {[%emt 0:01:37]} 45. Kd3 {[%emt 0:00:10]} Rc3+ {[%emt 0:02:04]} 46. Ke4 {[%emt 0:01:03]} Rc2 {[%emt 0:00:44]} 47. h5 {[%emt 0:01:02]} Re2+ {[%emt 0:02:26]} 48. Kd5 {[%emt 0:00:25]} e6+ {[%emt 0:00:47]} 49. Kd6 {[%emt 0:00:42]} Nf5+ {[%emt 0:00:52]} 50. Kxe6 {[%emt 0:00:46]} Ng7+ {[%emt 0:02:11]} 51. Kd5 {[%emt 0:00:10]} Rd2+ {[%emt 0:02:06]} 52. Ke4 {[%emt 0:00:15]} Ne6 {[%emt 0:01:21]} 53. h6 {[%emt 0:00:41]} Nc5+ {[%emt 0:02:06]} 54. Kf5 {[%emt 0:01:32]} e4 {[%emt 0:00:45]} 55. h7 {[%emt 0:00:22]} e3 {[%emt 0:00:43]} 56. Ne5 {[%emt 0:00:27]} 1-0

[Event "Paracin Open 2020"]
[Site "Paracin"]
[Date "2020.07.07"]
[Round "5.1"]
[White "Basso, Pier Luigi"]
[Black "Cabarkapa, Novak"]
[Result "1-0"]
[WhiteElo "2596"]
[BlackElo "2459"]
[Annotator "TA"]
[PlyCount "67"]
[EventDate "2020.07.03"]
[EventType "swiss"]
[EventCountry "SRB"]
[SourceTitle "playchess.com"]
[Source "ChessBase"]
[SourceQuality "1"]

{[%evp 17,67,33,42,0,0,0,0,20,25,32,61,46,51,31,18,18,37,19,29,19,16,15,28,-18,36,39,61,74,167,179,162,166,162,160,117,45,297,281,310,213,410,266,462,444,590,593,860,858,1210,675,1385,1076]} 1. d4 Nf6 2. c4 g6 3. Nc3 Bg7 4. e4 d6 5. f3 O-O 6. Nge2 c5 7. d5 e6 8. Ng3 exd5 9. cxd5 h5 10. Be2 {A65: Modern Benoni: 6 e4.} Nh7 11. Be3 h4 12. Nf1 {The position is equal.} f5 13. exf5 gxf5 {[#]} 14. Qd2 $146 ({Predecessor:} 14. Bf4 Qe7 15. Ne3 Nd7 16. Nc4 Ne5 17. O-O Bd7 18. Qd2 Rae8 19. Rae1 Kh8 20. a4 {1-0 (60) Dreev,A (2683)-Radjabov,T (2599) Dubai 2002}) 14... Qf6 15. Bf4 Nd7 16. Ne3 Ne5 $1 17. Bxe5 Qxe5 18. Nc4 $36 {[%mdl 2048] White has some pressure.} Qf6 19. a4 Bd7 20. Qf4 Rfe8 ({Better is} 20... h3 $11) 21. Qxd6 (21. Nxd6 Rxe2+ $1 {[%mdl 512]} 22. Nxe2 Bh6 $17) 21... Qd4 {Hoping for ...Qxc4.} 22. Kf1 $1 {Black must now prevent Rd1.} (22. Qxd7 Qxc4 23. Kf1 Qb4 $11) 22... Rxe2 (22... Bxa4 $16 23. Rxa4 Rxe2 {[%mdl 64] Remove Defender, Decoy} 24. Nxe2 (24. Kxe2 Re8+ 25. Qe6+ Rxe6+ 26. dxe6 h3 $17) 24... Qd1+ 25. Kf2 Bd4+ 26. Ne3 (26. Nxd4 Qxd4+ 27. Kf1 Qd1+ 28. Kf2 Qd4+ 29. Ne3 Qd2+ 30. Kf1 Qd3+ 31. Kf2 Qd2+ {[%mdl 64] Double Attack} 32. Kf1 Qd3+ 33. Kf2 Qd2+ $11 {[%mdl 64] Double Attack}) 26... Qxa4 27. Qg6+ Kh8 28. Qxf5 h3) 23. Nxe2 $18 Qxc4 24. Qxd7 {[%mdl 64] Double Attack} Nf6 25. Qe6+ ({Inferior is} 25. Qxf5 Re8 $11) 25... Kh8 {aiming for ...Re8.} 26. Rc1 (26. Qxf5 $16 {Strongly threatening Rd1.} Nxd5 27. Ra3) 26... Qxa4 $2 {[%mdl 8192] This move loses the game for Black.} ({Black should play} 26... Qd3 $14 27. d6 Re8) 27. Qxf5 Re8 28. Qd3 h3 $2 (28... Bh6) 29. gxh3 Qh4 $2 {[#]} (29... Qd7 {was necessary.} 30. Nf4 (30. Rxc5 Qxh3+ 31. Ke1 Nd7 $16) 30... Nh5 31. Ng6+ Kg8) 30. Rg1 $1 {White is clearly winning.} Qxh3+ 31. Rg2 Ng4 {And now ...Ne3+ would win.} 32. Nf4 Ne5 33. Qe4 Qh6 34. Rg3 {Accuracy: White = 63%, Black = 44%.} 1-0

[Event "Paracin Open 2020"]
[Site "Paracin"]
[Date "2020.07.07"]
[Round "5.2"]
[White "Mendonca, Leon Luke"]
[Black "Ernst, Sipke"]
[Result "1/2-1/2"]
[WhiteElo "2470"]
[BlackElo "2540"]
[Annotator "TA"]
[PlyCount "155"]
[EventDate "2020.07.03"]
[EventType "swiss"]
[EventCountry "SRB"]
[SourceTitle "playchess.com"]
[Source "ChessBase"]
[SourceQuality "1"]

{[%evp 26,155,0,0,35,27,23,18,16,27,20,34,47,24,37,33,38,36,83,53,86,92,116,114,96,83,134,105,88,92,96,100,72,82,91,84,112,100,98,85,114,111,122,115,107,107,139,133,118,118,130,119,147,139,160,0,151,106,122,121,115,85,129,120,120,0,126,126,126,129,129,105,103,0,115,95,129,120,181,144,159,148,158,151,149,86,86,0,157,131,131,131,131,131,133,118,141,103,103,103,103,103,103,103,103,103,103,103,143,143,205,214,309,193,277,203,195,114,209,207,416,408,429,396,374,341,336,0,324,281,223,0]} 1. Nf3 c5 2. b3 d5 3. e3 Nf6 4. Bb2 e6 5. c4 Be7 6. cxd5 exd5 7. d4 Nc6 8. dxc5 Bxc5 9. Be2 O-O 10. O-O Re8 11. Nc3 a6 12. Rc1 Ba7 13. Na4 Ne4 14. Nd4 Bd7 {D32: Tarrasch Defence: Sidelines and lines without g3.} (14... Qg5 {feels hotter.} 15. Kh1 Qh6 16. Kg1 Qg5) 15. Nxc6 Bxc6 16. Bd4 Bxa4 {The position is equal.} 17. bxa4 Bxd4 18. Qxd4 Qa5 {[#]} 19. Bf3 $146 ({Predecessor:} 19. Rfd1 Rac8 20. Rxc8 Rxc8 21. Bg4 Rc5 22. Qe5 g6 23. Qb8+ Kg7 24. Qe5+ Nf6 25. Bf3 {½-½ (61) Muha,M (2344)-Usmanov,V (2450) Koper 2019}) 19... Rad8 20. Rfd1 h6 21. h4 Kh7 22. g3 Kg8 23. Kg2 Re7 24. Rc2 Kh7 25. a3 {[%cal Ba2a3,Ba3b4][%mdl 32]} Kg8 (25... Rd6 $142) 26. Rd3 Kf8 27. Rc1 Kg8 28. Qb4 Qxb4 29. axb4 f5 30. h5 Nf6 31. Rd4 Kf7 32. a5 Ke6 33. b5 axb5 34. Rc5 Rd6 35. Rxb5 Red7 36. Rdb4 Ra6 37. Kf1 Ra7 38. Kg1 Kf7 39. Kg2 Ke7 40. Kg1 Kf7 $1 41. Rc5 Ne4 42. Bxe4 $1 fxe4 $16 {[%mdl 4096] Endgame KRR-KRR} 43. Rb6 Ke7 44. Rg6 Kf7 45. Rb6 Ke7 $1 46. Rcb5 Kf8 47. Kg2 Kg8 48. Kf1 Ra8 49. Kg2 (49. Rc5 $16) 49... Kh7 (49... Ra7 $1 $11 {keeps the balance.}) 50. g4 Kh8 51. Kg3 Kg8 (51... Kh7 $16 52. Kf4 (52. Rxb7 Rxb7 53. Rxb7 Rxa5 $16) 52... Rf7+ 53. Ke5 Rxf2 54. Rxb7 (54. Kxd5 Re2 $16) 54... Ra2) 52. Re6 Rf8 {[#]} 53. Re5 $1 Rfd8 54. Rf5 Kh7 55. Rb6 (55. Kf4 $142) 55... Ra8 56. Rb5 ({White should play} 56. Re6) 56... Rad8 57. Kg2 Kg8 58. Kf1 Kh7 59. Ke2 Kg8 60. Re5 Kh7 61. Kd2 d4 62. Rxe4 dxe3+ 63. Kxe3 Rd3+ 64. Ke2 Rd2+ 65. Kf1 R8d7 66. Rf4 Ra2 67. Kg2 Ra3 (67... Kg8 $16 {keeps fighting.} 68. Kg3 Ra1) 68. Rf8 $18 Rad3 (68... Rd4 $142 69. f3 (69. Rxb7 Rxg4+ 70. Kf1 Rxa5 $17) 69... Rd7) 69. Rc5 g6 (69... R3d6 $142 70. Rb8 Re7) 70. hxg6+ Kxg6 71. Rff5 ({Better is} 71. Rg8+ $18 Kh7 72. Rb8) 71... Rb3 (71... b6 $16 {was called for.} 72. axb6 R3d6) 72. f3 Kg7 $2 (72... Rd6 {was necessary.} 73. Rb5 Rdd3) 73. Rb5 Rd2+ 74. Kg3 Rdd3 75. Rbe5 Rd6 76. Rb5 Rdd3 {intending ...Rxf3+.} 77. Rbc5 Rd7 {[#]} 78. Rb5 $2 {Accuracy: White = 75%, Black = 61%.} (78. Rcd5 $1 $18 {[%cal Rd5d7]} Rxd5 79. Rxd5) 1/2-1/2

[Event "Paracin Open 2020"]
[Site "Paracin"]
[Date "2020.07.07"]
[Round "5.3"]
[White "Stankovic, Milos"]
[Black "Ratkovic, Miloje"]
[Result "0-1"]
[WhiteElo "2454"]
[BlackElo "2456"]
[Annotator "TA"]
[PlyCount "58"]
[EventDate "2020.07.03"]
[EventType "swiss"]
[EventCountry "SRB"]
[SourceTitle "playchess.com"]
[Source "ChessBase"]
[SourceQuality "1"]

{[%evp 9,58,0,10,-4,15,14,15,10,12,16,14,14,15,14,19,14,19,16,23,0,0,-3,0,-5,0,0,-4,-21,-22,-30,-32,-92,-92,-92,-92,-87,-95,-98,-92,-107,-61,-119,-132,-245,-245,-827,-831,-752,-752,-960,-910]} 1. e4 c6 2. Nf3 d5 3. exd5 cxd5 4. Ne5 Nc6 5. d4 e6 6. Bb5 {B10: Caro-Kann: 2 d3 and 2 c4.} Bd7 7. Nxd7 Qxd7 8. c3 {The position is equal.} Nf6 9. O-O Bd6 10. Nd2 Qc7 11. Nf3 O-O 12. g3 {[#]} h6 $146 ({Predecessor:} 12... a6 13. Bd3 Rab8 14. Qe2 h6 15. Bd2 Nd7 16. Rae1 Rfe8 17. Bb1 b5 18. Nh4 Nf6 {1-0 (74) Lobanov,S (2505)-Akdogan,A (2193) Konya 2019}) 13. Bd3 Ne4 14. Bxe4 dxe4 15. Nd2 f5 16. Nc4 b5 17. Nxd6 Qxd6 18. f3 e5 {[%cal Re5d4]} 19. fxe4 fxe4 {[%cal Re5d4]} 20. Be3 (20. Re1 $1 $15) 20... Rxf1+ $17 21. Qxf1 exd4 22. cxd4 Qd5 $1 (22... Nxd4 $6 23. Rd1 $11) 23. Rc1 {[#] White wants to play Rc5.} Rf8 $1 $36 {[%cal Rf8f1][%mdl 2048] White is under strong pressure.} ({Much weaker is} 23... Nxd4 $6 24. Rd1 $11) 24. Qg2 Rf3 ({Don't play} 24... Nxd4 $6 25. Rd1 $11) 25. Qd2 {[#]} (25. Rc5 $1 $15 Qd7 26. Qd2) 25... Ne7 $1 26. b3 (26. Bf2 $17) 26... Qf5 $19 27. d5 $2 (27. Bf4) 27... Nxd5 {Black is clearly winning.} 28. Bxa7 e3 29. Qe1 Qe4 {Accuracy: White = 58%, Black = 94%.} 0-1

[Event "Paracin Open 2020"]
[Site "Paracin"]
[Date "2020.07.07"]
[Round "5.4"]
[White "Ratkovic, Milovan"]
[Black "Sahin, Ozgun"]
[Result "1-0"]
[WhiteElo "2435"]
[BlackElo "2220"]
[Annotator "TA"]
[PlyCount "89"]
[EventDate "2020.07.03"]
[EventType "swiss"]
[EventCountry "SRB"]
[SourceTitle "playchess.com"]
[Source "ChessBase"]
[SourceQuality "1"]

{[%evp 9,89,41,53,47,39,41,75,73,69,68,69,66,86,85,84,84,99,84,90,99,185,187,228,241,254,243,333,200,278,248,293,222,217,199,193,121,121,121,121,121,121,116,116,96,137,137,129,127,286,293,277,232,251,234,237,240,260,257,245,238,240,231,232,222,270,258,276,268,269,268,302,292,365,266,344,283,316,295,515,530,472,486]} 1. d4 f5 2. Nc3 d5 3. Bg5 c6 4. e3 Qb6 5. Rb1 Nd7 6. Bd3 {A80: Dutch Defence: Unusual White second moves.} g6 7. Nf3 Ngf6 8. O-O {White is better.} Bg7 9. Ne2 {[%cal Bc3e2,Be2f4,Bf4e6,Be6c5][%mdl 32]} Ne4 10. c4 Ndf6 {[#]} 11. b4 $146 ({Predecessor:} 11. Bxf6 Bxf6 12. cxd5 cxd5 13. Nc3 Be6 14. Qa4+ Kf7 15. Rfc1 Rac8 16. Qb3 Qxb3 17. axb3 g5 18. Ra1 a6 19. Rc2 g4 20. Nd2 Rc6 21. Rac1 Rhc8 {½-½ (21) Blitsko,B-Yanushevsky,N Bulgaria 1999}) 11... Nxg5 12. Nxg5 Ne4 13. Bxe4 {aiming for Bd3.} fxe4 14. Nf4 {Strongly threatening Nge6.} Bf6 (14... Bh6 $16 15. c5 Qc7) 15. Nge6 $1 $18 {Threatens to win with c5.} Bxe6 16. Nxe6 {c5 is the strong threat.} Rc8 17. Qg4 Kf7 18. Nc5 Rcd8 19. Qe6+ Ke8 20. f3 Rd6 21. Qg4 exf3 22. Rxf3 (22. Qxf3 $18 Qc7 23. b5) 22... Qc7 $16 23. cxd5 cxd5 24. Rc1 b6 25. Nd3 Rc6 26. Rff1 Rxc1 27. Rxc1 ({Don't do} 27. Nxc1 $6 Qd7 $14) 27... Qd6 28. Qf3 $36 {[%mdl 2048] Hoping for Rc8+. Keeping Black busy.} Kf7 $2 {[#] A mistake that costs the game.} (28... Qd7 $16) 29. Rc6 $1 $18 {[%cal Rc6d6][%mdl 512]} Qd8 (29... Qxc6 30. Ne5+) 30. Nf4 Qd7 31. Qxd5+ Qxd5 32. Nxd5 {[%mdl 4096] Endgame KRB-KRN} Bg5 {[#] intending ...Rd8.} 33. Kf2 $1 Rd8 34. Nc3 Rd7 35. b5 e6 36. Ke2 h6 37. Kd3 Bf6 38. Ne4 Be7 39. Kc4 Bf8 40. a4 Be7 41. h3 Bf8 42. Nf2 Bg7 43. Nd3 g5 $2 (43... Re7 44. Nf4 h5) 44. g4 Bf6 45. Rc8 {Accuracy: White = 78%, Black = 51%.} 1-0

[Event "Paracin Open 2020"]
[Site "Paracin"]
[Date "2020.07.07"]
[Round "5.5"]
[White "Tirelli, Mauro"]
[Black "Kosic, Dragan"]
[Result "0-1"]
[WhiteElo "2187"]
[BlackElo "2429"]
[Annotator "TA"]
[PlyCount "64"]
[EventDate "2020.07.03"]
[EventType "swiss"]
[EventCountry "SRB"]
[SourceTitle "playchess.com"]
[Source "ChessBase"]
[SourceQuality "1"]

{[%evp 17,64,4,4,3,0,-10,-4,-24,-25,-18,-5,-8,-6,-18,-22,-47,-34,-30,-37,-79,-79,-70,-78,-101,-54,-54,-54,-54,-46,-43,-50,-65,-50,-43,-42,-168,-168,-168,-155,-166,-163,-196,-205,-204,-197,-216,-208,-339,-339]} 1. e4 c5 2. Nc3 Nc6 3. Nf3 d6 4. d4 cxd4 5. Nxd4 Nf6 6. Bc4 e6 7. Bb3 Be7 8. Be3 a6 9. Qe2 Qc7 10. O-O {B89: Sicilian: Velimirovic Attack.} O-O 11. Rad1 Na5 12. f4 {The position is equal.} b5 13. a3 Nxb3 14. cxb3 Bb7 {[#]} 15. Rc1 $146 ({Predecessor:} 15. Bf2 Rac8 16. Rd3 g6 17. Nf3 d5 18. e5 Ne4 19. b4 Qc4 20. Bd4 a5 21. Nd2 Nxd2 22. Qxd2 axb4 23. axb4 Bxb4 {0-1 (28) Rodriguez,R-Esteban Mendez,J San Sebastian 1996}) 15... Qd7 16. Bf2 Rac8 17. Rfd1 Ba8 18. e5 Nd5 19. Nxd5 Bxd5 20. Be3 g6 21. b4 Rxc1 22. Rxc1 Rc8 23. Rxc8+ Qxc8 24. Qc2 Qb7 25. exd6 Bxd6 26. Nb3 {[#] This move loses the game for White.} (26. Qd2 $15) 26... Bxb3 $1 $19 27. Qxb3 Qe4 28. g3 e5 29. Qc3 exf4 30. gxf4 Bxf4 31. Bd4 {[#] Qc8+ would kill now.} Qe6 32. Kf1 (32. h3 {is a better defense.}) 32... Bxh2 {Accuracy: White = 67%, Black = 94%.} 0-1

[Event "Paracin Open 2020"]
[Site "Paracin"]
[Date "2020.07.07"]
[Round "5.6"]
[White "Radovanovic, Nikola"]
[Black "Stanojevic, Ilija"]
[Result "0-1"]
[WhiteElo "2389"]
[BlackElo "2220"]
[Annotator "TA"]
[PlyCount "68"]
[EventDate "2020.07.03"]
[EventType "swiss"]
[EventCountry "SRB"]
[SourceTitle "playchess.com"]
[Source "ChessBase"]
[SourceQuality "1"]

{[%evp 15,68,2,0,-3,16,0,0,0,7,0,24,25,31,50,42,32,89,70,115,109,96,89,49,58,127,126,138,129,142,87,103,104,105,145,214,94,215,214,227,191,181,179,198,125,129,116,153,134,186,178,162,155,210,-1014,-975]} 1. e4 e6 2. d3 d5 3. Nd2 c5 4. g3 Nc6 5. Bg2 Nf6 6. Ngf3 g6 7. O-O Bg7 8. c3 O-O 9. e5 {A08: King's Indian Attack.} Ng4 10. d4 cxd4 11. cxd4 {The position is equal.} f6 {[%cal Rf6e5]} 12. exf6 Qxf6 13. Nb3 {[#]} a5 $146 {next ...a4 is good for Black.} ({Predecessor:} 13... Nh6 14. Bg5 Qf7 15. Qd2 Nf5 16. g4 Nd6 17. Be3 Nc4 18. Qe2 b6 19. Bc1 a5 {½-½ (41) Podkopaev,M (2040)-Protopopova,A (1929) Voronezh 2014}) 14. Bg5 Qf7 $1 15. Bf4 h6 (15... Nh6 $14) 16. h3 $16 g5 17. Bd6 Rd8 18. Ba3 Nf6 19. Ne5 $36 {[%mdl 2048] Black is under pressure.} Nxe5 ({Black should play} 19... Qe8 $14) 20. dxe5 Nd7 21. f4 gxf4 22. gxf4 (22. Rxf4 $142 Qe8 23. Rg4) 22... b5 {...b4 is the strong threat.} 23. Nd4 {Black must now prevent Nxe6!} Nf8 {aiming for ...b4.} 24. Bc5 Ng6 {[#]} (24... Bd7 $16 25. Rc1 Kh8) 25. Qg4 (25. Bb6 $1 $18 {[%cal Rb6d8] has better winning chances.} Re8 26. Rc1 (26. Nxb5 Qb7 $16)) 25... Ne7 (25... Bd7 $16) 26. Kh1 $18 {Strongly threatening Qh4.} ({Much less strong is} 26. Nxb5 $6 Nf5 $16) 26... Nf5 27. Nxf5 ({Less strong is} 27. Nxb5 Ba6 $14) 27... exf5 28. Qe2 b4 {intending ...Ba6.} 29. Rfd1 ({Better is} 29. Rg1 $18) 29... Be6 $16 30. Rac1 Bf8 {[#]} 31. Bxf8 $1 Kxf8 (31... Rxf8 $16 {was worth a try.} 32. Rc6 Kh7) 32. Rc6 Rac8 33. Rd6 Qe7 (33... Rxd6 $16 34. exd6 Kg7) 34. Bxd5 $4 {[%mdl 8192]} (34. Rb6 $18 Rb8 35. Ra6) 34... Rxd6 {Quite a comeback for Black. Accuracy: White = 70%, Black = 61%.} 0-1

[Event "Paracin Open 2020"]
[Site "Paracin"]
[Date "2020.07.07"]
[Round "5.7"]
[White "Krasteva, Beloslava"]
[Black "Martic, Ivan"]
[Result "1-0"]
[WhiteElo "2246"]
[BlackElo "2386"]
[Annotator "TA"]
[PlyCount "97"]
[EventDate "2020.07.03"]
[EventType "swiss"]
[EventCountry "SRB"]
[SourceTitle "playchess.com"]
[Source "ChessBase"]
[SourceQuality "1"]

{[%evp 20,97,11,7,16,3,28,0,11,11,20,0,0,0,0,-72,-70,-112,-110,-150,-145,-157,-135,-121,-139,-122,-120,-131,-110,-106,-62,-93,-89,-91,-94,-102,-102,-107,-100,-131,-135,-138,-135,-135,-92,-91,-70,-77,-79,-82,-70,-79,0,-79,-63,-67,-60,-73,-71,-74,0,0,0,0,0,0,8,0,0,0,0,0,0,0,0,-8,-8,-8,29976,29975]} 1. d4 Nf6 2. c4 g6 3. Nc3 d5 4. cxd5 Nxd5 5. e4 Nxc3 6. bxc3 Bg7 7. Be3 c5 8. Qd2 Qa5 9. Rc1 cxd4 10. cxd4 Qxd2+ 11. Bxd2 O-O {D85: Exchange Grünfeld: Unusual White 7th moves and lines with 7 Nf3.} 12. Nf3 Nc6 13. Be3 {[#]} (13. d5 $5 {[%cal Rd5c6]} Nd4 14. Nxd4 Bxd4 15. Rc4 $11) 13... f5 $146 {The position is equal.} ({Predecessor:} 13... e6 14. Bb5 {½-½ (14) Runarsson,G (2220)-Mileto,G (2247) ICCF email 2019}) 14. Bc4+ Kh8 15. e5 f4 16. Bd2 Bg4 17. Bc3 (17. Ng5 $1 $11 {remains equal.}) 17... Rac8 18. Nd2 Rfd8 19. h3 Bf5 20. Nf3 Nxe5 21. Nxe5 Bxe5 22. dxe5 {Hoping for Bb3.} Rxc4 23. O-O Be6 24. a3 {[#]} f3 $1 {[%mdl 512]} 25. Bb4 {[#]} (25. gxf3 Bxh3) 25... fxg2 $1 26. Kxg2 Rd7 27. Rfd1 {Black should prevent Rxd7.} Rxc1 28. Rxc1 $17 {[%mdl 4096] Endgame KRB-KRB} Kg7 29. Rc3 Kf7 30. Bc5 b6 31. Be3 Bd5+ 32. Kg3 Bb7 33. h4 Ke6 34. Kf4 Ba6 35. Ke4 Bb7+ 36. Kf4 h6 37. Rc1 Bd5 38. Rg1 Kf7 39. Rd1 g5+ ({Black should try} 39... b5 $17) 40. hxg5 $11 hxg5+ 41. Kxg5 Ke6 42. f4 Bc6 43. Rxd7 Bxd7 {KB-KB} 44. Bd2 Kd5 45. Bb4 e6 46. Kf6 a5 47. Bd6 b5 48. Ke7 Kc6 $2 {[%mdl 8192]} (48... Bc8 $11) 49. Kd8 {What a bad dream for Black. Accuracy: White = 79%, Black = 83%.} 1-0

[Event "Paracin Open 2020"]
[Site "Paracin"]
[Date "2020.07.07"]
[Round "5.8"]
[White "Abramovic, Bosko"]
[Black "Aleksic, Neven"]
[Result "1/2-1/2"]
[WhiteElo "2351"]
[BlackElo "2169"]
[Annotator "TA"]
[PlyCount "60"]
[EventDate "2020.07.03"]
[EventType "swiss"]
[EventCountry "SRB"]
[SourceTitle "playchess.com"]
[Source "ChessBase"]
[SourceQuality "1"]

{[%evp 22,60,1,0,15,15,15,15,15,15,15,0,-2,-5,-8,0,0,-8,-8,-7,-6,-14,-6,-15,-6,-10,0,0,0,0,0,0,0,0,0,0,0,0,0,0,0]} 1. c4 Nf6 2. Nf3 e6 3. g3 d5 4. Bg2 Be7 5. O-O O-O 6. d4 dxc4 7. Qa4 a6 8. Qxc4 b5 9. Qc2 Bb7 10. Bf4 Nc6 11. Nc3 Nb4 12. Qc1 {The position is equal.} Nbd5 {E05: Open Catalan: 5 Nf3 Be7.} 13. Nxd5 Nxd5 14. Bg5 {[#]} Rc8 $146 ({Predecessor:} 14... Nf6 15. Re1 Be4 16. Qf4 Qd5 17. Qe5 c5 18. Qxd5 exd5 19. dxc5 Bxc5 20. Bxf6 gxf6 {1-0 (54) Garber,V-Pulkkinen,K (2325) Vantaa 1999}) 15. Bxe7 Qxe7 16. Qc5 Qxc5 17. dxc5 Ne7 18. Rfd1 Rfd8 19. a3 Be4 20. Ne5 Bxg2 21. Kxg2 f6 22. Nd3 a5 23. b4 a4 24. Nf4 e5 25. Rxd8+ Rxd8 $11 {KRN-KRN} 26. Ne6 Rc8 $1 {[#] aiming for ...Kf7.} 27. Rd1 {Strongly threatening Rd7.} Kf7 28. Nd8+ Ke8 29. Ne6 Kf7 30. Nd8+ Ke8 {Not much happened in this game. Accuracy: White = 100%, Black = 100%.} 1/2-1/2